Noticias del Sector
| Format: | Unknown |
|---|---|
| Language: | Spanish |
| Published: |
Barcelona :
vLEX
|
| Subjects: | |
| Online Access: | Acceso restringido |
MARC
| LEADER | 00000ny a22000003n 4500 | ||
|---|---|---|---|
| 005 | 20110517110125.0 | ||
| 008 | 950713c19uu9999sp mr 0 b spa | ||
| 035 | |a 7 | ||
| 040 | |a BUS |d vLex | ||
| 090 | |c 2004 |d 2004 | ||
| 245 | 3 | 0 | |a Noticias del Sector |h [Recurso electrn̤ico] |
| 256 | |a Servicio en ln̕ea | ||
| 260 | |a Barcelona : |b vLEX | ||
| 650 | 0 | 4 | |a Derecho |x Publicaciones perid̤icas |
| 740 | 0 | |a vLex Revista (Servicios en ln̕ea) | |
| 843 | |a Electrn̤ica. Abierta | ||
| 853 | |8 1 |i (year) |j (month) |k (day) | ||
| 856 | 4 | 0 | |z Acceso restringido |u http://vlex.com/account/login_ip?fuente_id=7 |
| 942 | |c REV | ||